000 00743nam a2200229 a 4500
001 BRCA_1202
005 20190320203327.0
008 820209s1981 sp-a---##b---#001-0#spa-#
020 _a8485800117
040 _aDLC
_cDLC
_dDLC
050 4 _aNK3649.55.E7
_b.K96 1981
100 1 _aKuoni, Bignia
_93948
245 1 0 _aCestería tradicional ibérica
_cBignia Kuoni.
260 _aBarcelona
_bSerbal
_c1981
300 _a328 p.
_bil. (algunas a color)
_c26 cm.
500 _aIncluye índice geográfico, índice análitico e índice de nombres
504 _aBibliografía : p. 314-318
650 1 4 _aCestería
_xHistoria
_93949
650 1 4 _aCestería
_xTécnicas y materiales
_93950
650 1 4 _aCestería
_xMuseos
_zEuropa
_93951
942 _2lcc
_cB
999 _c1075
_d1075